000 01351cam a22003734a 4500
001 11963986
003 OSt
005 20150408114146.0
008 000404s2001 njua b 001 0 eng c
010 _a 00038505
020 _a0130104922
020 _a9780130104922
035 _a(DNLM)100941291
040 _aDNLM/DLC
_cDLC
_dDLC
042 _apcc
050 0 0 _aR856
_b.C33 2000
060 1 0 _aWB 26
_bC311i 2000
082 0 0 _a610.28
_221
_bCJI
100 1 _aCarr, Joseph J.
_938689
245 1 0 _aIntroduction to biomedical equipment technology /
_cJoseph J. Carr, John M. Brown.
250 _a4th ed.
260 _aUpper Saddle River, N.J. :
_bPrentice Hall,
_cc2001.
300 _axv, 743 p. :
_bill. ;
_c25 cm.
504 _aIncludes bibliographical references and index.
650 0 _aMedical instruments and apparatus.
_947489
650 1 2 _aEquipment and Supplies.
_947490
650 2 2 _aBiomedical Engineering
_xinstrumentation.
_913511
650 2 2 _aElectronics, Medical
_xinstrumentation.
_913512
700 1 _aBrown, John M.
_q(John Michael),
_d1944-
_938690
906 _a7
_bcbc
_corignew
_d1
_eocip
_f20
_gy-gencatlg
942 _2ddc
_cBOOK
999 _c31615
_d266115